Gimson's pronounciation of english (Record no. 40684)

MARC details
000 -LEADER
fixed length control field 00404nam a2200169Ia 4500
020 ## - INTERNATIONAL STANDARD BOOK NUMBER
ISBN 978-0-340-958773
050 ## - CALL MARK
Classification number PE 1135 .C78/
100 ## - STATEMENT OF RESPONSIBILITY--MAIN AUTHOR NAME
Personal name CRUTTENDEN, ALAN
245 #0 - TITLE STATEMENT
Title Gimson's pronounciation of english
250 ## - EDITION / VOLUME STATEMENT
Edition / Volume statement 7th ed.
260 ## - PUBLICATION, DISTRIBUTION, ETC. (IMPRINT)
Name of publisher Hodder Education
260 ## - PUBLICATION, DISTRIBUTION, ETC. (IMPRINT)
Year of publication 2008
300 ## - PHYSICAL DESCRIPTION
Number of Pages 362 p
942 ## - ADDED ENTRY ELEMENTS (KOHA)
Koha item type Books
Holdings
Withdrawn status Lost status Damaged status Not for loan Permanent Location Current Location Shelving location Date acquired Accession Number Price effective from Koha item type
        NILE UNIVERSITY OF NIGERIA - MAIN LIBRARY NILE UNIVERSITY OF NIGERIA - MAIN LIBRARY Items on shelf 06/03/2025 0005431 06/03/2025 Books